Quiz Nord et Pas-de-Calais - Méli-mélo - Statistiques

Statistiques générales
  • Ce quiz a été pris 111 fois
  • Le résultat moyen est 24 sur 50
Statistiques - réponses
Question Réponse % Correct
Le premier week-end de septembre un grand événement se déroule chaque année à... Lille
100%
L'habitat traditionnel des mineurs est appelé Corons
90%
Après la 1ère guerre mondiale, une place de cette ville a été reconstruite à l'identique. Est-ce... Arras
80%
Une partie de la côte de la région est surnommée, la côte d'Opale
80%
Quel film inspiré d'un roman sur la mine a été 12 fois nommé aux Césars ? Germinal
80%
Il a été maire de Lille et Premier ministre Pierre Mauroy
80%
Comment appelle-t-on le débit de boisson traditionnel dans la région Nord-Pas-de-Calais? un estaminet
80%
En avril 1917, 3598 canadiens sont tués dans cette bataille. Est-ce celle de... Vimy
80%
Un cap de la région est appelé le cap... Blanc-nez
70%
Le littoral du Nord et du Pas-de-Calais est réputé pour sa concentration en iode
70%
La bataille d'Azincourt a eu lieu dans le Pas-de-Calais. Mais en quelle année ? 1415
60%
Le dimanche 27 juillet 1214 s'y déroule une bataille qui voit la victoire des Français. Est-ce à... Bouvines
60%
Quel journaliste est venu passer dix jours à Anzin en 1884 pour voir une mine de charbon en activité ? Emile Zola
60%
Quelle ville n'est pas sous-préfecture du Nord ? Hazebrouck
60%
Quel gaz inodore était redouté des mineurs ? Le grisou
60%
Quelle ville n'est pas sous-préfecture du Pas-de-Calais ? Liévin
60%
Quel saint était autrefois plus fêté que le Père Noël dans le Nord et le Pas-de-Calais ? St Nicolas
60%
Qu'est devenu un des terrils de Noeux-les-Mines ? Une piste de ski
60%
La capitale de l'ancienne province du Hainaut était Valenciennes
60%
Lequel de ces cours d'eau n'existe pas dans la région ? Béthune
50%
La plus grande ville du Pas-de-Calais est : Calais
50%
Alexandre Dumas fait exécuter Milady par le bourreau de Béthune
50%
On peut voir à Arras la maison natale de : François Vidocq
50%
Que signifie 'I est gramint inchpé' en chti ? il est très maladroit
50%
Que signifie 'Ej su fin mate' en chti ? je suis très fatiguée
50%
L'un de ces révolutionnaires est natif d'Arras lequel ? Robespierre
50%
Où a eu lieu l'accident qui a fait 1099 victimes dans une mine en 1906? Courrières
40%
En 1712, les Français, commandés par le maréchal de Villars, y remportent une grande bataille. Est ce à Denain
40%
Que signifie le mot 'gayant', mot devenu le nom du géant local, dans le douaisis ? Géant
40%
Le film 'Bienvenue chez les Chtis' a été tourné dans 3 de ces villes de la région. Quel est l'intruse ? Hénin-Beaumont
40%
Quel est le nom de la brioche traditionnelle du temps de l'Avent dans la région ? La coquille
40%
Film d'Etienne Chatilliez tourné dans la région en 1987 devenu culte, je suis... La vie est un long fleuve tranquille
40%
Quelle ville n'était pas réputée pour sa dentelle ? Lens
40%
Né dans une famille de mineurs de Noyelles-Godault en 1900, je meurs en Mer noire en 1964 Maurice Thorez
40%
Le dernier puits de mine du Nord-Pas-de-Calais a fermé en 1990
30%
Le bassin minier du Nord-Pas-de-Calais a été inscrit sur la liste du patrimoine mondial de l'UNESCO en... 2012
30%
Parmi les villes suivantes, une n'est plus fortifiée. Laquelle ? Béthune
30%
Evangélisateur de la région, je suis le saint-patron des confréries de charitables de Béthune et Beuvry, je suis... Eloi
30%
En 1720, on découvre du charbon dans le Nord. Est-ce à Fresnes-sur-Escaut
30%
On peut voir un dolmen à... Fresnicourt
30%
Victor Hugo y situe une partie de l'action des misérables. Montreuil
30%
Parmi ces actrice, laquelle n'est pas né dans le Nord ou le Pas-de-Calais ? Nadine de Rothschild
30%
Qu'est ce que le briquet pour un mineur ? Son repas
30%
Evangélisateur de l'Artois, on a donné mon nom à de nombreuses églises, je suis... Vaast
30%
Les beffrois du Nord-Pas-de-Calais ont été inscrits sur la liste du patrimoine mondial de l'UNESCO en... 1999
20%
En novembre et décembre 1917, les Anglais utilisent lors de cette bataille, pour la première fois en masse les chars Mark IV. Cambrai
20%
Parmi ces acteurs, lequel n'est pas né dans le Nord ou le Pas-de-Calais ? Jacques Debary
20%
Le détroit du Pas-de-Calais sépare la France de l'Angleterre depuis... 10000 ans
10%
Les géants processionnels du Nord-Pas-de-Calais ont été inscrits sur la liste du patrimoine mondial de l'UNESCO en... 2008
10%
Que collectionne un cervalabélophiliste ? des étiquettes de bière
0%
Aucun quiz correspondant
Distribution des résultats
% des personnes avec chaque résultat
Percentile par nombre de réponses
Votre historique - résultats
Vous n’avez pas pris ce quiz